Faculty of Law Library — Cairo University

Official Online Catalog

Protocols additional to the Geneva Conventions of 12 August 1949 : (Record no. 57216)

MARC details
000 -LEADER
fixed length control field 01455cac a2200337 i 4500
003 - CONTROL NUMBER IDENTIFIER
control field EG-GICUC
005 - DATE AND TIME OF LATEST TRANSACTION
control field 20260121101730.0
008 - FIXED-LENGTH DATA ELEMENTS--GENERAL INFORMATION
fixed length control field 070201s1996 sz a fr i100 0 eng d
020 ## - INTERNATIONAL STANDARD BOOK NUMBER
International Standard Book Number 2881450288
020 ## - INTERNATIONAL STANDARD BOOK NUMBER
International Standard Book Number 9782881450280
040 ## - CATALOGING SOURCE
Original cataloging agency CStclU-L
Transcribing agency CStclU-L
Modifying agency PU-L
-- CStRLIN
-- DLC
-- EG-GICUC
Language of cataloging eng
Description conventions rda
050 00 - LIBRARY OF CONGRESS CALL NUMBER
Classification number KZ6462.G465
Item number O76 1996
082 04 - DEWEY DECIMAL CLASSIFICATION NUMBER
Edition number 21
Classification number 341.73
092 04 - LOCALLY ASSIGNED DEWEY CALL NUMBER (OCLC)
Edition number 21
099 ## - LOCAL FREE-TEXT CALL NUMBER (OCLC)
Classification number Law 11 1996
130 0# - MAIN ENTRY--UNIFORM TITLE
Uniform title Geneva Conventions
Date of treaty signing (1949 August 12).
Form subheading Protocols, etc.
Date of treaty signing (1977 June 10)
245 10 - TITLE STATEMENT
Title Protocols additional to the Geneva Conventions of 12 August 1949 :
Remainder of title resolutions of the 1974-77 Diplomatic Conference : extracts from the final act of the 1974-77 Diplomatic Conference.
264 ## - PRODUCTION, PUBLICATION, DISTRIBUTION, MANUFACTURE, AND COPYRIGHT NOTICE
Place of production, publication, distribution, manufacture Geneva :
Name of producer, publisher, distributor, manufacturer International Committee of the Red Cross,
Date of production, publication, distribution, manufacture, or copyright notice 1996.
300 ## - PHYSICAL DESCRIPTION
Extent 134 pages :
Other physical details illustrations ;
Dimensions 23 cm.
336 ## - CONTENT TYPE
Content type term text
Source rdacontent
337 ## - MEDIA TYPE
Media type term Computer
Source rdamedia
338 ## - CARRIER TYPE
Carrier type term Online Resource
Source rdacarrier
650 #0 - SUBJECT ADDED ENTRY--TOPICAL TERM
Topical term or geographic name entry element Prisoners of war
General subdivision Legal status, laws, etc.
650 #0 - SUBJECT ADDED ENTRY--TOPICAL TERM
Topical term or geographic name entry element War
General subdivision Protection of civilians.
650 #0 - SUBJECT ADDED ENTRY--TOPICAL TERM
Topical term or geographic name entry element Combatants and noncombatants (International law)
710 2# - ADDED ENTRY--CORPORATE NAME
Corporate name or jurisdiction name as entry element International Committee of the Red Cross.
711 2# - ADDED ENTRY--MEETING NAME
Meeting name or jurisdiction name as entry element Diplomatic Conference on the Reaffirmation and Development of International Humanitarian Law Applicable in Armed Conflicts
Date of meeting or treaty signing (1974-1977 :
Location of meeting Geneva, Switzerland)
856 40 - ELECTRONIC LOCATION AND ACCESS
Uniform Resource Identifier <a href="https://fll.law.cu.edu.eg/fulltext/bks/ENGB11-00069.pdf">https://fll.law.cu.edu.eg/fulltext/bks/ENGB11-00069.pdf</a>
905 ## - Cataloger and Reviser Names
Cataloger Name: Hend El khosy
942 ## - ADDED ENTRY ELEMENTS (KOHA)
Source of classification or shelving scheme Dewey Decimal Classification
Koha item type Books
Edition 21
Suppress in OPAC No
Holdings
Withdrawn status Lost status Source of classification or shelving scheme Damaged status Not for loan Collection Home library Current library Date acquired Total checkouts Full call number Barcode Date last seen Copy number Price effective from Koha item type Public note
    Dewey Decimal Classification     القانون الدولي العام جــــامعة القــاهرة مكتبة كلية الحقوق - فـرع الشيخ زايد 15.01.2026   Law2 11 341.73 PR 1996 1100069 C1 ENGB11-00069 15.01.2026 1 15.01.2026 Books 1291

© All rights reserved — Faculty of Law, Cairo University